Popularne numery rap/trap tygodnia 04-10.12 Spotify. - Statystyki

Ogólne statystyki
  • Ten quiz został rozwiązany 13 razy
  • Średni wynik to 9 z 15
Statystyki odpowiedzi
Wykonawca Odsłuchania Utwór % Poprawnych
Guzior, Oskar83 1.07M FALA
92%
Wiatr, Sobel, Be Vis 536K Testarossa
92%
Guzior 1.23M BLUEBERRY
85%
Quebonafide, Daria Zawiałow 459K BUBBLETEA
85%
Kabe 416K Nad ranem
77%
Guzior 916K TRAPSTAR
77%
Sobel 402K Impreza
69%
Reto 484K Billy Kid
62%
Guzior, Kukon 635K BOILER ROOM
62%
Guzior 621K KUSHKOMA
62%
chillwagon 451K jeden jeden
46%
Guzior 436K 2018
38%
Guzior, Szpaku 576K SOWA
38%
Guzior 466K WTC
31%
Guzior 506K ZAKAS
31%
Nie znaleziono quizów pasujących do podanych kryteriów
Rozkład punktacji
Procent ludzi z każdym wynikiem
Percentyl według liczby udzielonych odpowiedzi
Twoja historia wyników
Nie rozwiązałeś tego quizu